[Event "Zagreb zt"]
[Site "Zagreb"]
[Date "1993.??.??"]
[Round "12"]
[White "Alterman, Boris"]
[Black "Kurajica, Bojan"]
[Result "1-0"]
[WhiteElo "2600"]
[BlackElo "2535"]
[Annotator "Hansen,Cu"]
[PlyCount "63"]
[EventDate "1993.03.??"]
[EventType "tourn"]
[EventRounds "13"]
[EventCountry "CRO"]
[EventCategory "11"]
[SourceTitle "CBM 035"]
[Source "ChessBase"]
[SourceDate "1993.08.01"]
[SourceVersion "1"]
[SourceVersionDate "1993.08.01"]
[SourceQuality "1"]

1. d4 {Dautov} Nf6 2. c4 e6 3. Nf3 b6 4. g3 Ba6 5. b3 Bb7 6. Bg2 Bb4+ 7. Bd2
Be7 8. O-O O-O 9. Nc3 d5 10. cxd5 exd5 11. Qc2 (11. Rc1 Na6 (11... Re8 12. Ne5
Nbd7 13. Bf4 c6 14. e4 Nf8 15. exd5 cxd5 16. Bh3 Ba3 17. Rc2 a6 18. Na4 Ne6 19.
Bc1 Bd6 {0,5/Epishin,V-Aseev,K/USSR/1991/}) (11... c5 12. Re1 Re8 13. dxc5 Bxc5
14. Bg5 Nbd7 15. Bh3 Re7 16. Nd4 h6 17. Bf4 $14 {Nenashev,A-Dziuban,O/Barnaul/
1984/}) 12. Ne5 (12. Bg5 Ne4 13. Bxe7 Qxe7 14. e3 c5 15. Ne2 $14 {Ehlvest,
J-Grosar,A/Manila ol/1992/}) 12... c5 (12... Re8 13. Na4 (13. Bf4 h6 14. Qc2
Ba3 15. Rcd1 Bf8 16. Qb2 Qe7 17. Rfe1 $14) (13. Be3 Bd6 14. Bf4 c6 15. e4 Nc7
$10 {Granda Zuniga,J-Psakhis,L/New York/1992/}) 13... Bd6 14. Nd3 Qe7 15. Re1
Ne4 16. Bf4 $14 {Blagojevic,D-Dizdarevic,E/YU-ch/1991/}) (12... Ba3 13. Rb1 Re8
14. Bg5 Be7 15. Qc1 c6 16. Rd1 $14 {Khaludrov,E-Dragomarezkij,E/Warsaw op/1992/
}) 13. Be3 $14 {Kortjnoj,V-Diker/Beer-Sheva/1987/}) (11. Bf4 Na6 (11... Nbd7
12. Qc2 Nh5 13. Bd2 c6 14. Rab1 Re8 15. b4 $14 {Weih,K-Hertneck,G/BL/1986/})
12. Qc2 (12. Qb1 Qc8 13. Rd1 Rd8 14. Qb2 h6 15. Rac1 c5 16. Ne5 Qe6 17. Nd3 {
Mikhalchishin,A-Psakhis,L/USSR/1984/} Ne4 18. Be3 g5 19. Nxe4 dxe4 20. dxc5
bxc5 (20... Rd5 21. c6 Bxc6 22. Rxc6 Qxc6 23. Bxe4 $16 {Mikhalchishin,
A-Psakhis,L/USSR/1984/}) 21. Qe5 Qxe5 22. Nxe5 Rxd1+ 23. Rxd1 Rd8 24. Rxd8+
Bxd8 25. Nc4 $14 {Tratar,M-Grosar,A/Bled op/1992/}) 12... c5 (12... Qd7 13.
Rfd1 h6 14. Be5 Qe6 15. Nh4 Ne4 16. Nxe4 Bxh4 $10 {Tukmakov,V-Psakhis,L/USSR/
1984/}) 13. Rfd1 Qc8 14. Be5 Rd8 15. Rac1 Ne4 16. Qb2 Qe6 $10 {Kasparov,
G-Karpov,A/Moscow Wch I/1984/}) 11... h6 (11... Na6 12. Rfd1 (12. Rad1 Re8 (
12... c5 13. Bf4 Qc8 14. Be5 h6 15. dxc5 bxc5 16. Nh4 Nb4 $10 {Bukic,E-Grosar,
A/Ljubljana Iskra/1992/}) 13. Bf4 Bf8 14. Ne5 c6 15. Qb2 {0,5/Ilic,Z-Averkin,O/
Cetinje tt/1991/}) 12... Qc8 (12... Re8 13. Bf4 c6 14. Ne5 Bd6 15. a3 Nc7 16.
Nf3 Bxf4 17. gxf4 Ne4 18. e3 {0,5/Psakhis,L-Dizdarevic,E/Zagreb Z/1993/}) (
12... Qd7 13. Bf4 Rfd8 14. Be5 h6 15. a3 c5 16. Rac1 Qe6 $10 {Kiselev,S-Grosar,
A/Ljubljana Iskra/1992/}) 13. a3 (13. Nh4 Re8 14. a3 c5 15. Nf5 Bf8 $13 {
Lutz,C-Grosar,A/Graz zt/1993/}) 13... c5 14. dxc5 bxc5 15. Ne1 d4 16. Na4 Nd7
17. Nb2 Bxg2 18. Nxg2 Re8 $6 (18... Qb7 $5) 19. Nc4 Bf8 20. e3 $16 {Ruban,
V-Aseev,K/USSR/1991/}) 12. Rfd1 Na6 13. a3 {/\b3-b4} c5 14. Bf4 Qc8 15. Qb2 Qe6
(15... Nc7 {/\Ne6} 16. b4 $14) 16. Rac1 {פa6} g5 $2 (16... Rfd8) (16... Rfe8 {
Dautov} 17. Be3 Ne4 18. Ne1 $6 Bf6 19. Nxe4 dxe4 20. Qb1 cxd4 21. Bxd4 Bxd4 22.
Rxd4 Nc5 23. Rc3 Qe5 24. e3 Ne6 $17 {Roeder-Aseev/Berlin op/1992}) (16... Rfd8
{Dautov} 17. Ne5 Ne4 18. Be3 Bf6 19. Nf3 Rac8 20. Rc2 Nc7 21. Bf1 Qf5 22. b4 c4
23. b5 Ne6 24. Bg2 g5 $15 {De Boer-Grooten/Wijk op/1993}) 17. Be3 (17. Bd2 $2 {
Dautov} g4 (17... Ne4 $132) 18. Nh4 Ne4 19. Nxe4 dxe4 20. dxc5 Nxc5 21. b4 Bf6
22. Qb1 Nb3 23. Rc7 Nxd2 24. Rxd2 e3 $13) (17. Be5 $2 {Dautov} Nd7 $17) 17...
Ng4 (17... Ne4 $142 $1 {Dautov /\} 18. Ne5 (18. dxc5 Nxc3 19. Qxc3 bxc5 $13)
18... Nxc3 19. Rxc3 Bf6 $132) 18. Bd2 Rfd8 (18... f5 $142 {Dautov} 19. e3 (19.
Be1 $5) 19... Bd6 20. Nb5 Bb8 21. dxc5 bxc5 22. b4 c4 $132) 19. Be1 $16 (19.
Bh3 $5 {/\Nf3-e5}) (19. e3 {Dautov} f5 20. Nb5 $14) 19... f5 20. dxc5 bxc5 21.
Nb5 {/\b3-b4,><d4} Qb6 22. a4 {׻,פa6} Qf6 (22... d4 {Dautov} 23. b4 Nxb4 24.
Bxb4 cxb4 25. Nfxd4 $16) 23. Qb1 Rd7 (23... d4 {Dautov} 24. b4 Nxb4 25. Bxb4
cxb4 26. Nfxd4 Bxg2 27. Kxg2 a6 28. Nc7 $16 {><f5,Kg8}) 24. e3 {/\Bc3} (24. Bc3
d4) 24... d4 $2 (24... Ne5 $16) (24... Nc7 {Dautov} 25. Nxc7 Rxc7 26. b4 c4 27.
Bc3 Qg6 (27... Qf7 28. h3 Nf6 29. Qxf5 $18) 28. Ne5 Nxe5 29. Bxe5 Rd7 30. Rxc4
dxc4 31. Rxd7 Bxg2 32. Rxe7 Be4 33. Qd1 $16) (24... f4 {Dautov} 25. exf4 gxf4
26. h3 Ne5 27. Nxe5 Qxe5 28. Qg6+ $18) 25. h3 (25. exd4 {Dautov} f4 (25... Be4
26. Qa1 Qc6 27. Ne5 Nxe5 28. Bxe4 Qxe4 29. dxe5 $16) 26. Ne5 $18) 25... Ne5 26.
Nxe5 Qxe5 27. exd4 cxd4 28. Bxb7 Rxb7 29. Qd3 (29. Nxd4 $16) 29... Bc5 (29...
Nc5 $142 {Dautov} 30. Qc4+ Qe6 31. Nxd4 Qxc4 32. Rxc4 $18 {_|_}) 30. b4 $16 Bb6
(30... Nxb4 31. Qc4+ $18) 31. Rc6 {/\a4-a5//\Nd6//\Rxh6} Kg7 32. Nd6 {Hansen,Cu
} 1-0

[Event "Ter Apel"]
[Site "Ter Apel"]
[Date "1993.??.??"]
[Round "5"]
[White "Khalifman, Alexander"]
[Black "Van der Wiel, John"]
[Result "1-0"]
[WhiteElo "2630"]
[BlackElo "2555"]
[Annotator "Hansen,Cu"]
[PlyCount "83"]
[EventDate "1993.03.??"]
[EventType "tourn"]
[EventRounds "5"]
[EventCountry "NED"]
[EventCategory "14"]
[SourceTitle "CBM 035"]
[Source "ChessBase"]
[SourceDate "1993.08.01"]
[SourceVersion "1"]
[SourceVersionDate "1993.08.01"]
[SourceQuality "1"]

1. d4 {Dautov Hansen,LB} Nf6 2. c4 e6 3. Nf3 b6 4. g3 Ba6 5. b3 Bb4+ 6. Bd2 Be7
7. Bg2 c6 8. Bc3 d5 9. Ne5 Nfd7 10. Nxd7 Nxd7 11. Nd2 O-O 12. O-O Rc8 13. e4 c5
14. exd5 exd5 15. dxc5 dxc4 16. c6 cxb3 17. Re1 Bb5 18. axb3 Bxc6 (18... a5 {
Hansen,LB} 19. Rc1 Bxc6 (19... Nc5 20. Qg4 $1 Bf6 21. Bxf6 Qxf6 22. Ne4 Qd4 23.
Red1 Bd3 24. Rxc5 $1 bxc5 25. Qd7 $1 Rfd8 26. Qxd4 cxd4 27. Rxd3 Rxc6 $14 {
Ftacnik,L-Sax,G/Budapest zt/1993/}) 20. Bxg7 $1 Kxg7 21. Rxc6 Rxc6 22. Bxc6 Nf6
23. Qc1 $1 $14 {Gelfand,B-Van der Wiel,J/Wijk/1992/}) 19. Bxc6 Rxc6 20. Rxa7
Bf6 (20... Nf6 21. Qf3 Qc8 (21... Qd5 22. Rexe7 Qxf3 23. Nxf3 Rxc3 24. Ng5 Rxb3
25. Nxf7 $16 {Karpov,A-Kortjnoj,V/Tilburg/1991/}) 22. Nb1 Bd8 23. Kg2 $14 {
Chernin,A-Farago,I/Ungarn ch/1992/}) (20... Rxc3 $6 21. Nb1 Rc7 22. Rxc7 Qxc7
23. Rxe7 Rd8 24. Qd5 Qc1+ 25. Kg2 Rf8 26. Rxd7 Qxb1 27. Rd6 $16 {Novikov,I-Oll,
L/Lvov zt/1990/}) 21. Nc4 (21. Ne4 Bxc3 22. Rxd7 Qc8 (22... Qa8 23. Re3 Bb2 24.
Qf3 f5 25. Ng5 Rc1+ 26. Kg2 Qxf3+ 27. Nxf3 f4 28. Re2 {Novikov,I-Veingold,A/
Pamplona/1992/} fxg3 $1 29. hxg3 Bf6 $10) 23. Re3 (23. Nxc3 {0,5/Novikov,
I-Schneider,A/USSR ch/1989/} Rxc3 {0,5/Stohl,I-Sax,G/Elenite/1992/} 24. Qd5 Qc6
$10 {Schneider,A-Novikov,I/Kherson/1989/}) 23... Bb4 $10 {Novikov,I-Stempin,P/
Polanica Zdroj/1989/}) 21... Bxc3 (21... Nc5 22. Qxd8 Rxd8 23. Bxf6 Rxf6 24. b4
Ne6 25. Nxb6 $16 {Karpov,A-Beljavsky,A/Linares/1993/} (25. Nxb6 {Dautov} Ng5
26. Rd7 Nf3+ 27. Kf1 Rb8 28. Red1 $18 {Karpov-Beliavsky/Linares/1993})) 22.
Rxd7 Qc8 (22... Qf6 23. Re4 Re6 24. Rf4 Qg6 25. Rdxf7 $16 {Chernin,A-Veingold,
A/Sevilla op/1993/} (25. Rdxf7 $1 {Hansen,LB} Qxf7 $8 26. Rxf7 Rxf7 27. Qd8+
Rf8 28. Qd5 Rff6 29. Nd6 Bb4 30. Ne4 $18 {Chernin,A-Veingold/Sevilla/1993/}))
23. Re3 Bf6 (23... b5 24. Rxc3 bxc4 25. Qd5 Rc5 (25... cxb3 $2 {Hansen,LB} 26.
Rxc6 b2 27. Rxc8 b1=Q+ 28. Kg2 Rxc8 29. Rd8+ $18) 26. Qd4 $16) 24. Qd5 {
><b6,><f7} b5 (24... Rc5 {Hansen,LB} 25. Qb7 $16) 25. Na3 b4 26. Nc4 h6 (26...
Bc3 $2 {Dautov} 27. Ree7 Rf6 28. Nd6 Qa8 29. Rb7 Qa2 30. Ne4 Rf3 31. Kg2 $18) (
26... Rc5 $5 {Dautov} 27. Qb7 (27. Qd3 $5 $14) 27... Qxb7 28. Rxb7 Bc3 29. Nd6
$1 {/\Rf3} Rd5 (29... Rc6 30. Nf5 Rc5 31. Rf3 $16) 30. Ne4 Bd4 31. Re2 f5 32.
Ng5 Bc3 33. Ree7 Bf6 34. Rec7 Be5 35. Rd7 Rxd7 36. Rxd7 h6 $10) 27. Kg2 Rc7 $2
(27... Rc5 28. Qb7 {/\Rxf7} (28. Qd6 Rc6) 28... Qxb7+ 29. Rxb7 Bc3 $14 (29...
Bc3 {Dautov} 30. Nd6 (30. Rd3 Rcc8 31. Ne3 Ra8 32. Nd5 Ra3 33. Nxc3 Rxb3 $10)
30... Rd5 31. Ne4 Rc8 $10)) 28. Nb6 $1 Rxd7 (28... Qb8 {Hansen,LB} 29. Rxc7
Qxc7 30. Nd7 Rd8 (30... Rc8 31. Nxf6+ gxf6 32. Re4 $16) 31. Nxf6+ gxf6 32. Qf3
$1 Qb6 33. Re4 $16) 29. Nxd7 Re8 (29... Rd8 30. Nxf6+ gxf6 31. Qf3 $16 (31. Qf3
{Dautov} Rd6 (31... Qa8 32. Re4 Rb8 33. Qg4+ Kh8 34. Kh3 $16) 32. Re4 Rb6 33.
Qe3 Qb7 34. f3 f5 35. Re8+ Kh7 36. Qe5 $18) (31. Qe4 Qa8 $10)) 30. Nxf6+ gxf6
31. Rf3 {קb4,קf6} Qa6 (31... Qe6 {Dautov} 32. Qd2 $18) (31... Re6 {Dautov}
32. Qd2 $18) 32. Rf4 (32. Qd2 $5 $18 {Dautov}) 32... Re1 33. Rg4+ Kf8 (33...
Kh7 34. Qxf7+ $18) 34. Qc5+ Re7 (34... Ke8 {Hansen,LB} 35. Rg8+ Kd7 36. Qd5+
Ke7 (36... Qd6 37. Rd8+ $18) (36... Kc7 37. Qxf7+ $18 (37. Qd8+ $18 {Dautov}))
37. Qd8+ Ke6 38. Re8+ $18) 35. Re4 $1 $18 Qb7 36. Qxe7+ Qxe7 37. Rxe7 Kxe7 38.
Kf3 f5 (38... Kd6 39. Ke4 Kc5 40. g4 $18) (38... Ke6 {Hansen,LB} 39. Ke4 $18)
39. Ke3 Ke6 40. Kd4 f4 41. gxf4 Kf5 42. Kc4 {Hansen,Cu} 1-0

[Event "Taastrup"]
[Site "Taastrup"]
[Date "1992.??.??"]
[Round "?"]
[White "Chernin, Alexander"]
[Black "Romanishin, Oleg M"]
[Result "1-0"]
[WhiteElo "2620"]
[BlackElo "2595"]
[Annotator "Hansen,Cu"]
[PlyCount "93"]
[EventDate "1992.02.??"]
[EventType "tourn"]
[EventRounds "9"]
[EventCountry "DEN"]
[EventCategory "13"]
[SourceTitle "CBM 028"]
[Source "ChessBase"]
[SourceDate "1992.06.01"]
[SourceVersion "1"]
[SourceVersionDate "1992.06.01"]
[SourceQuality "1"]

1. d4 Nf6 2. c4 e6 3. Nf3 b6 4. g3 Ba6 5. b3 Bb7 6. Bg2 Bb4+ 7. Bd2 a5 8. O-O
O-O 9. Qc2 d6 10. Nc3 {N} (10. a3 Bxd2 11. Nbxd2 c5 12. e4 Nc6 $10 {
Raisky-Dautov 1988}) (10. Bc3 Nbd7 11. a3 Bxc3 12. Nxc3 Re8 13. e4 e5 14. d5 {
1/2-1/2 Soffer-Bischoff Bern zt 1990}) (10. Re1 Re8 11. e4 e5 12. Nc3 Nbd7 $13
{Magerramov-Lerner Palma de Mallorca 1989}) 10... Nbd7 11. Rfe1 {/\e4} Bxc3 12.
Bxc3 Be4 13. Qb2 d5 14. Bh3 {/\15.Nd2 Bg6 16.Lg2 + e2-e4} Bf5 15. Bxf5 exf5 16.
Nh4 Ne4 (16... g6 17. f3 $14) 17. f3 Nxc3 18. Qxc3 f4 19. Rac1 (19. cxd5 $2 Nf6
$15) 19... Nf6 $6 20. gxf4 c5 21. Rcd1 Rc8 22. Nf5 Qd7 23. e4 $5 (23. Ng3 $5)
23... dxe4 24. fxe4 Nxe4 25. Qh3 {/\Rxe4/Nh6+} Qe6 $8 26. d5 $1 (26. Nh6+ Qxh6
27. Qxh6 gxh6 28. Rxe4 $16) 26... Qg6+ 27. Kf1 Rce8 28. d6 Qf6 29. Qg4 $6 (29.
Ne7+ Rxe7 30. dxe7 Qxf4+ (30... Qxe7 31. Qf5 $18) 31. Kg1 (31. Kg2 Qg5+ (31...
Re8 32. Qf3 Qg5+ 33. Kh1 f5 34. Rd8 Rxd8 35. exd8=Q+ Qxd8 36. Qxf5 $16)) 31...
Re8 (31... Qg5+ 32. Qg2 $18) 32. Re2 $16) 29... Re6 30. Ne7+ Kh8 31. Nd5 Qh6
32. f5 Qxh2 $1 $13 33. Rxe4 Qh1+ 34. Kf2 Qxe4 35. Qxe4 Rxe4 36. Kf3 Re5 37. Kf4
f6 38. Ne7 {/\Nc6,d6-d7} g6 $8 39. fxg6 Kg7 40. Nf5+ Kxg6 41. Rg1+ Kh5 42. Rh1+
Kg6 43. Rh6+ Kf7 44. Rxh7+ Ke8 45. Ra7 $18 {/\46.d7+ Kd8 47.Ra8+} Rf7 46. Ra8+
Kd7 47. Nh6 $1 {Hansen,C} 1-0

[Event "Dos Hermanas"]
[Site "Dos Hermanas"]
[Date "1995.??.??"]
[Round "3"]
[White "Karpov, Anatoly"]
[Black "Salov, Valery"]
[Result "1-0"]
[WhiteElo "2780"]
[BlackElo "2715"]
[Annotator "Hansen,Cu"]
[PlyCount "109"]
[EventDate "1995.04.??"]
[EventType "tourn"]
[EventRounds "9"]
[EventCountry "ESP"]
[EventCategory "18"]
[SourceTitle "CBM 047"]
[Source "ChessBase"]
[SourceDate "1995.08.01"]
[SourceVersion "1"]
[SourceVersionDate "1995.08.01"]
[SourceQuality "1"]

1. d4 {Dautov Baburin} Nf6 2. c4 e6 3. Nf3 b6 4. g3 Ba6 5. b3 Bb4+ 6. Bd2 Be7
7. Bg2 c6 8. Bc3 d5 9. Ne5 Ne4 10. O-O (10. cxd5 cxd5 11. O-O O-O 12. Bb2 Qc7
13. f3 Nf6 14. Qd2 Nfd7 15. Rc1 Qb7 16. Nxd7 Qxd7 17. Ba3 Nc6 18. Bxe7 Nxe7 $10
{Hansen,LB-Bareev,E/Bled/Roganska Slatina/1991/}) (10. Qc2 Nxc3 11. Qxc3 Bb7
12. O-O Nd7 13. Nxd7 Qxd7 14. Nd2 c5 15. Rad1 Bf6 $15 {Zueger,B-Budnikov,A/
Wohlen op/1993/}) 10... Bb7 {N} (10... O-O {N} 11. Bb2 Bb7 12. Nd2 (12. Qc2 $1)
12... Nxd2 13. Qxd2 Nd7 14. Nd3 $14 {Dautov} Nf6 15. Rac1 Rc8 (15... a5 $142)
16. Rfd1 Bd6 17. Rc2 $1 Qe7 18. Qc1 Rfd8 19. a4 h6 20. Qa1 $1 $14 {Lobron,
E-Khalifman,A/Hamburg 1991}) (10... Nxc3 11. Nxc3 O-O 12. e4 {N; 12.Re1 - 42/
695} (12. Re1 Bb7 (12... f6 $6 {N} 13. Nd3 dxc4 14. Nf4 Bb4 (14... Qd7 15. Bh3
f5 16. e4 $36) 15. Rc1 (15. Nxe6 $2 Qe7 16. Nxf8 Bxc3 $19) 15... Re8 {
Vyzmanavin,A-Bareev,E/USSR-ch 50/(547)/1990/} 16. Bh3 $1 e5 17. Ne6 Qe7 18. d5
{/\ e4+/- Bareev,E}) 13. cxd5 (13. e4 dxc4 14. bxc4 (14. Nxc4 b5 15. Ne3 (15.
Ne5 Nd7 16. Nf3 Qa5 17. Qc2 b4 18. Na4 c5 19. d5 exd5 20. exd5 Bf6 21. Rad1
Rae8 22. d6 Qb5 23. Nb2 $16 {Epishin,V-Dautov,R/Ter Apel/1995/}) 15... Bb4 16.
Qc2 Qa5 17. Rac1 Nd7 $132) 14... c5 $6 {N} (14... Qd6 15. Nf3 Nd7 16. e5 Qb4
17. Qd3 Rad8 18. a3 Qa5 19. Qc2 Ba8 20. Nd2 f6 {Vyzmanavin-Bareev/Lvov zt/1990}
21. f4 $1 fxe5 22. fxe5 $16) (14... Nd7 {>=} 15. Nf3 Qc7 16. Qb3 $5 e5 17. d5
Nc5 18. Qc2 $14) 15. d5 exd5 (15... Bf6 $2 16. Nxf7 $1 $16 {Vyzmanavin} Rxf7
17. e5 Bg5 18. f4 exd5 19. e6 Re7 20. Nxd5) 16. exd5 (16. Nxd5 Bf6 17. Nxf6+
Qxf6 18. f4 Rd8 19. Qc2 Nc6 20. Nxc6 Qxc6 $10) 16... Bf6 17. f4 Re8 {/\Nd7} (
17... Nd7 $6 18. Nb5 $1 $16) 18. Qh5 $1 $14 {Chernin,A-Sax,G/Odorheiu
Securiesc/1993/} (18. Bh3 $5 Bc8 19. Bxc8 Qxc8 20. Qh5 g6 21. Qf3 Nd7 22. Nc6
Qa6 $13)) 13... cxd5 14. e4 (14. Qd2 Nd7 15. Nd3 Nf6 16. Qb2 Rc8 17. e3 Ba6 18.
Bf1 Qd6 19. Ne5 Bxf1 20. Kxf1 a6 21. a4 Rc7 22. Rec1 Rfc8 {1/2-1/2 Pichler,
J-Vyzmanavin,A/Gelsenkirchen 1991}) 14... Bb4 15. Rc1 Bxc3 16. Rxc3 dxe4 17.
Bxe4 Bxe4 18. Rxe4 Nd7 $10 {Jusupov,A-Sokolov,A/Riga cs/1986/}) (12. Rc1 {N}
Ba3 13. Rc2 f6 14. Nd3 $5 (14. cxd5 $5 cxd5 $1 {Huzman,A}) 14... Re8 (14...
dxc4 15. Nf4 $1 cxb3 16. Rd2 $3 Re8 17. Qxb3 Qd6 18. Nxe6 $1 Rxe6 19. d5 $16)
15. cxd5 cxd5 $8 {1/2-1/2 Vainerman,I-Novikov,I/USSR 52/(530) 1991} (15... cxd5
16. Nf4 $1 Bb7 $8 {=})) (12. Re1 {- 50/(547)}) 12... dxc4 13. Nxc4 Bb4 (13...
b5 14. Ne3 Nd7 (14... Qa5 15. Qc2 Nd7 16. Rfd1 Rfd8 17. a3 Bb7 18. b4 Qb6 19.
Qb3 a5 20. Rab1 axb4 21. axb4 e5 22. d5 Nf6 23. dxc6 Bxc6 24. Ncd5 {1/2-1/2
Hjartarson,J-Ehlvest,J/Belgrade 1989}) 15. Rc1 (15. Qc2 Rc8 (15... Qb6 $5 16.
Rfd1 Rfd8 17. a3 Bb7 {>=}) 16. Rad1 (16. Rfd1 {N} Qb6 17. a3 c5 (17... Bb7 18.
b4 a5 19. Qb2 axb4 20. axb4 Nf6 21. Nc2 $1 Rfd8 22. e5 Nd5 23. Ne4 Ra8 24. Nc5
$16) 18. d5 Ne5 (18... Rfd8 19. a4 b4 20. Nb5 $16) 19. a4 b4 20. Nb5 $1 $14 {
Karpov,An-Vyzmanavi,A/Tilburg 20'/1993/}) 16... Qb6 17. h4 Rfd8 18. Bh3 c5 $6
19. d5 Bf6 20. Ne2 c4 21. dxe6 fxe6 22. Nf4 $14 {Ionov-Vyzmanavin/URS-ch58/1991
}) 15... Rc8 16. Re1 Qa5 17. Qc2 Ba3 18. Rb1 Nb6 $13 {Petursson,M-Portisch,L/
Reykjavik 43/(676) 1987}) 14. Ne2 Bb7 15. e5 Nd7 16. a3 Be7 17. Nc3 b5 18. Ne3
Qb6 19. b4 Rfd8 20. Qg4 Nf8 21. Nc2 a5 22. Ne4 $14 {+/= Petursson,M-Dolmatov,S/
Moscow 43/(676) 1987}) 11. Bb2 Nd7 12. Qc2 (12. Nxd7 {Dautov} Qxd7 13. Qc2 (13.
Nd2 Nxd2 14. Qxd2 O-O $10) 13... O-O 14. Bxe4 dxe4 15. Qxe4 c5 $44) (12. Nd3 {
Dautov} O-O 13. Nd2 Ndf6 $10) 12... Nxe5 (12... Nef6 {Dautov} 13. Nd2 $14) (
12... Ndf6 {Dautov} 13. f3 Nd6 14. e4 $14) 13. dxe5 Nc5 (13... c5 $4 {Dautov}
14. f3 Ng5 15. h4 $18) 14. Nd2 O-O 15. Rad1 {/\b3-b4} a5 16. e4 dxc4 (16...
dxe4 $2 17. Nxe4 Qc7 18. Nd6 $16) (16... d4 $5 {Dautov /\Na6,c5} 17. Nf3 d3 18.
Qb1 (18. Qd2 Nxe4 19. Qxd3 (19. Qe3 Nc5 20. Ne1 Qc7 21. Nxd3 Nxd3 22. Rxd3 Rad8
$10) 19... Qxd3 20. Rxd3 Rfd8 21. Rfd1 $14) 18... Nxe4 19. Rxd3 Qc7 20. Rfd1
Nc5 21. Rd4 Rad8 $14) 17. Nxc4 Qc7 18. Nd6 {/\f2-f4-f5 Baburin: White has
established an outpost on d6. Black certainly cannot allow the Knight to stay
there forever, but trying to eliminate the Knight Black weakens his position.}
Ba6 (18... Rad8 19. Ba3 $16 Na6 (19... Nd7 20. Nb5 $18) 20. Nb5 $16) 19. Rfe1
Rad8 20. Qc3 {/\f4-f5} (20. Ba3 Nb7 $1 $15) 20... f6 21. exf6 Bxd6 (21... Bxf6
22. e5 $16) (21... gxf6 {Dautov} 22. e5 fxe5 23. Rxe5 (23. Nc4 Bf6 $13) 23...
Rf6 (23... Bf6 $4 24. Rg5+ Kh8 25. Qxf6+ $18) (23... Rxd6 $2 24. Rxd6 Qxd6 25.
Rd5 Bf6 26. Qxf6 Rxf6 27. Rxd6 $18) 24. Rg5+ Kf8 25. Qe5 $40 {/\} Nd3 $2 26.
Qe4 $18) 22. e5 Nd3 $8 (22... Bxe5 23. Qxe5 Qxe5 24. Bxe5 Rxd1 25. Rxd1 gxf6
26. Bc7 $16) 23. exd6 Rxd6 24. fxg7 (24. Ba3 $5 c5 25. Re3 $14) 24... Rxf2 (
24... Rf7 {Dautov} 25. Be4 Nxb2 (25... Nxe1 $4 26. Bxh7+ $18) 26. Qxb2 Rxg7 27.
Qe5 $16 {עg8}) (24... Rfd8 $5 {Dautov}) 25. Rxd3 (25. Be4 $6 {Dautov} Nxe1 26.
Rxe1 Rxb2 27. Qxb2 Qxg7 $15) 25... Rxg2+ $2 (25... Rxd3 $1 26. Kxf2 (26. Bd5
Rxc3 27. Rxe6 Rxg3+ $19) (26. Qxd3 Rxg2+ 27. Kxg2 Bxd3 $19) 26... Rxc3 27. Bxc3
Qd6 {/\Qc5+} 28. Bh3 (28. Re3 $5) 28... Bc8 (28... Qc5+ 29. Re3 Bc8 $13) 29.
Re3 {/\Rf3} Qc5 $13 30. Ke2 $6 (30. Be5 $44 {Dautov}) 30... Qh5+ 31. Rf3 Ba6+
32. Ke1 e5 33. g4 Qg5 $17) 26. Kxg2 Bxd3 (26... Rxd3 {Dautov >=} 27. Qf6 Rd2+
28. Kh3 Qf7 29. Qxf7+ Kxf7 30. Be5 $16) 27. Qf6 $16 Qf7 28. Qxf7+ Kxf7 29. Be5
Rd5 30. g4 {/\Kg3-f4, /\h2-h4-h5,g4-g5} Kg8 31. h4 {/\h4-h5} h5 (31... h6 {
Dautov} 32. Bf6 Rd6 33. Kg3 $16) 32. gxh5 Bf5 33. Kf3 Rd7 34. Kf4 c5 35. Kg5
Kf7 (35... Rd2 $5 $16) 36. Re2 Kg8 37. h6 {/\Rf2,Rxf5,Kg6 +-} Kh7 38. Rf2 Rd5 (
38... Kg8 $2 {Dautov} 39. Rxf5 exf5 40. Kg6 $18) 39. Kf6 Rd7 40. Rg2 Kg8 41.
h7+ Bxh7 42. Kxe6 $18 Rf7 43. Bf6 Rc7 44. Rd2 Rc6+ 45. Ke7 Rc7+ 46. Kd6 Rc8 47.
Rf2 {/\Be5,Ke7,Rf8+} Bd3 48. Be5 Re8 49. h5 c4 50. h6 cxb3 51. axb3 Ra8 52. Ke7
Ra7+ 53. Ke6 Ra8 54. Bd6 Re8+ 55. Kd7 1-0